| 000 | 00362nam a2200133Ia 4500 | ||
|---|---|---|---|
| 008 | 240624s9999 xx 000 0 und d | ||
| 041 | _aeng | ||
| 082 | _a658.7 SOP | ||
| 100 | _aSOPLE VINOD V | ||
| 245 | _aBUSINESS PROCESS OUTSOURCING A SUPPLY CH | ||
| 260 |
_c2009 _aNew Delhi _bPrentice-Hall of India |
||
| 300 | _axv, : 228 : p. : cm. ; 23 | ||
| 365 |
_cRS _b35 |
||
| 999 |
_c14820 _d14820 |
||